| 000 | 00857cam a2200277zu 4500 | ||
|---|---|---|---|
| 001 | 10104443 | ||
| 003 | FRCYB10104443 | ||
| 005 | 20251020123046.0 | ||
| 006 | m o d | ||
| 007 | cr un | ||
| 008 | 251020s2005 fr | o|||||0|0|||fre d | ||
| 020 | _a9782846701044 | ||
| 035 | _aFRCYB10104443 | ||
| 040 |
_aFR-PaCSA _bfr _c _erda |
||
| 100 | 1 | _aAdelkhah, Fariba | |
| 245 | 0 | 1 |
_aL'Iran _c['Adelkhah, Fariba'] |
| 264 | 1 |
_bLe Cavalier Bleu éditions _c2005 |
|
| 300 | _a p. | ||
| 336 |
_btxt _2rdacontent |
||
| 337 |
_bc _2rdamdedia |
||
| 338 |
_bc _2rdacarrier |
||
| 650 | 0 | _a | |
| 700 | 0 | _aAdelkhah, Fariba | |
| 856 | 4 | 0 |
_2Cyberlibris _uhttps://international.scholarvox.com/netsen/book/10104443 _qtext/html _a |
| 520 | _aDiabolisée depuis la révolutioon islamique, L'Iran inquiète et fait peur. À tort ou à raison | ||
| 999 |
_c1552884 _d1552884 |
||